[Event "Titled Tuesday 2022.08.30 Early"]
[Site "chess.com INT"]
[Date "2022.08.30"]
[Round "3"]
[White "Atanasov, Anthony"]
[Black "Silva, Kaua Marques"]
[Result "1-0"]
[WhiteElo "2150"]
[BlackElo "2199"]
[PlyCount "93"]
[EventDate "2022.08.30"]
[EventType "swiss (blitz)"]
[EventRounds "11"]
[EventCountry "NET"]
[Source "Mark Crowther"]
[SourceDate "2022.09.05"]

1. Nf3 Nf6 2. d4 b6 3. Bf4 c5 4. e3 Bb7 5. Nbd2 e6 6. Nc4 d5 7. Nce5 Nbd7 8.
Bb5 a6 9. Ng5 axb5 10. Nexf7 Qe7 11. Nxh8 e5 12. dxe5 Nxe5 13. Nxh7 Nxh7 14.
Qh5+ g6 15. Qxe5 Qxe5 16. Bxe5 g5 17. Ng6 Bh6 18. h4 g4 19. h5 Kf7 20. Bc7 Ra6
21. Ne5+ Ke6 22. Nxg4 Bg7 23. c3 b4 24. cxb4 Bxb2 25. Rb1 Bc3+ 26. Kf1 Bxb4 27.
h6 Rxa2 28. Bxb6 Ba6+ 29. Kg1 Bd3 30. Rc1 c4 31. Bd4 Kf5 32. Ne5 Bd2 33. Nxd3
cxd3 34. Rd1 Kg6 35. g3 Ng5 36. Kg2 Nh7 37. g4 Ng5 38. Bg7 Bxe3 39. Rhf1 Ne4
40. Rxd3 Bxf2 41. Rxd5 Bh4+ 42. Kf3 Nd2+ 43. Rxd2 Rxd2 44. Rh1 Bg5 45. h7 Rd3+
46. Ke2 Re3+ 47. Kf2 1-0

[Event "Titled Tuesday 2022.08.30 Early"]
[Site "chess.com INT"]
[Date "2022.08.30"]
[Round "4"]
[White "Ochirbat, Lkhagvajamts"]
[Black "Atanasov, Anthony"]
[Result "1-0"]
[WhiteElo "2119"]
[BlackElo "2150"]
[PlyCount "208"]
[EventDate "2022.08.30"]
[EventType "swiss (blitz)"]
[EventRounds "11"]
[EventCountry "NET"]
[Source "Mark Crowther"]
[SourceDate "2022.09.05"]

1. d4 Nf6 2. c4 g6 3. Nf3 d5 4. Nc3 Bg7 5. Bf4 O-O 6. e3 c5 7. dxc5 Qa5 8. Rc1
dxc4 9. Bxc4 Qxc5 10. Bb3 Nc6 11. O-O Qh5 12. Ne2 Bg4 13. Ng3 Bxf3 14. Qxf3
Qxf3 15. gxf3 h6 16. Ne2 Nh5 17. Bg3 Bxb2 18. Rc2 Bf6 19. Ba4 Rac8 20. Rfc1
Nxg3 21. hxg3 Rfd8 22. Nf4 e5 23. Ne2 Ne7 24. Nc3 Bg7 25. Bb3 Kf8 26. Kg2 a6
27. Ne4 Rxc2 28. Rxc2 Rc8 29. Rd2 f5 30. Nc5 Bf6 31. Nxb7 f4 32. Rd6 Rc6 33.
Rd8+ Kg7 34. Nd6 h5 35. Ne8+ Kh6 36. gxf4 exf4 37. e4 h4 38. Rd7 Kg5 39. e5
Bxe5 40. Rxe7 Bd4 41. Re6 Rc5 42. Re4 Be5 43. Rc4 Rxc4 44. Bxc4 a5 45. Bb5 Kf5
46. a4 g5 47. Kh3 Kg6 48. Bd7 Bd4 49. Nd6 Be5 50. Ne4 Bd4 51. Bg4 Kh6 52. Kg2
Kg6 53. Bh3 Kf7 54. Kf1 Ke7 55. Ke2 Bb6 56. Kd3 Kf7 57. Kc4 Kg6 58. Kd5 Bd8 59.
Ke6 Bc7 60. Bf5+ Kh6 61. Nf6 Bb6 62. Ng4+ Kh5 63. Nf6+ Kh6 64. Ne4 Kh5 65. Bg4+
Kh6 66. Kd5 Bd8 67. Kc5 Kg6 68. Kd6 Kh6 69. Kd7 Bb6 70. Ke7 Kg6 71. Ke6 Kh6 72.
Kf5 Bd8 73. Nd6 Bb6 74. Nf7+ Kg7 75. Nxg5 Bxf2 76. Kxf4 Bg3+ 77. Kf5 Kf8 78.
Nh3 Ke7 79. f4 Be1 80. Ke4 Bc3 81. Bd1 Kf6 82. f5 Bd2 83. Bc2 Bb4 84. Kf4 Bd6+
85. Kg4 Bg3 86. Ng5 Be1 87. Ne4+ Ke7 88. f6+ Kf8 89. Bb3 Bg3 90. Ng5 Ke8 91.
Nh7 Bd6 92. f7+ Kd8 93. f8=Q+ Bxf8 94. Nxf8 Ke7 95. Ng6+ Kf6 96. Nxh4 Ke5 97.
Bc4 Kd4 98. Bb5 Kc5 99. Kf5 Kb4 100. Ke5 Kc5 101. Ke4 Kb6 102. Kd4 Kb7 103. Kc4
Kb6 104. Kd5 Kb7 1-0

[Event "Titled Tuesday 2022.08.30 Late"]
[Site "chess.com INT"]
[Date "2022.08.30"]
[Round "1"]
[White "Atanasov, Anthony"]
[Black "Bernado Lopez, Roger"]
[Result "0-1"]
[WhiteElo "2150"]
[BlackElo "2249"]
[PlyCount "54"]
[EventDate "2022.08.30"]
[EventType "swiss (blitz)"]
[EventRounds "11"]
[EventCountry "NET"]
[Source "Mark Crowther"]
[SourceDate "2022.09.05"]

1. d4 d5 2. Bf4 c5 3. Nf3 cxd4 4. c3 dxc3 5. Nxc3 Nf6 6. e4 e6 7. Bb5+ Bd7 8.
Bxd7+ Qxd7 9. Ne5 Qd8 10. exd5 Nxd5 11. Qa4+ Nd7 12. Nxd5 exd5 13. Rd1 Bd6 14.
Rxd5 Bxe5 15. Rxe5+ Kf8 16. Qb4+ Kg8 17. Re2 Qb6 18. Qe7 Nf6 19. O-O h6 20. Bc7
Qc6 21. Rd1 Re8 22. Qxe8+ Nxe8 23. Bg3 Kh7 24. h3 Nf6 25. Rd6 Qc1+ 26. Kh2 Re8
27. Rxe8 Nxe8 0-1

[Event "Titled Tuesday 2022.08.30 Late"]
[Site "chess.com INT"]
[Date "2022.08.30"]
[Round "2"]
[White "Frank, Adam"]
[Black "Atanasov, Anthony"]
[Result "0-1"]
[WhiteElo "2307"]
[BlackElo "2150"]
[PlyCount "102"]
[EventDate "2022.08.30"]
[EventType "swiss (blitz)"]
[EventRounds "11"]
[EventCountry "NET"]
[Source "Mark Crowther"]
[SourceDate "2022.09.05"]

1. Nf3 Nf6 2. g3 d5 3. Bg2 Bf5 4. O-O e6 5. d3 Be7 6. Nbd2 O-O 7. c3 c5 8. Qc2
Nc6 9. e4 Bg6 10. Re1 Qc7 11. Nf1 Rad8 12. Bf4 e5 13. Bg5 c4 14. dxc4 Bxe4 15.
Qc1 Bxf3 16. Bxf3 dxc4 17. Ne3 b5 18. Qc2 h6 19. Bh4 g5 20. Nf5 e4 21. Bxe4
Nxe4 22. Qxe4 Bf6 23. Nxh6+ Kg7 24. Nf5+ Kh8 25. Qg4 gxh4 26. Qh5+ Kg8 27. Re4
Ne5 28. Rae1 Ng6 29. g4 Qd7 30. Nh6+ Kg7 31. g5 Be5 32. Qf3 Bd6 33. Nf5+ Kg8
34. Rd4 Qc7 35. h3 Bc5 36. Nh6+ Kg7 37. Nf5+ Kg8 38. Rxh4 Nxh4 39. Qh5 Nxf5 40.
g6 Qg3+ 41. Kh1 Qxg6 42. Rg1 Rd1 43. Qxd1 Bxf2 44. Rxg6+ fxg6 45. Qd5+ Rf7 46.
Qxb5 Bb6 47. Qxc4 Ne3 48. Qc8+ Kg7 49. Qe6 Rf1+ 50. Kh2 Bc7+ 51. Qe5+ Bxe5# 0-1

[Event "Titled Tuesday 2022.08.30 Late"]
[Site "chess.com INT"]
[Date "2022.08.30"]
[Round "3"]
[White "Atanasov, Anthony"]
[Black "Vagman, Roy"]
[Result "1-0"]
[WhiteElo "2150"]
[BlackElo "2313"]
[PlyCount "91"]
[EventDate "2022.08.30"]
[EventType "swiss (blitz)"]
[EventRounds "11"]
[EventCountry "NET"]
[Source "Mark Crowther"]
[SourceDate "2022.09.05"]

1. d4 Nf6 2. Nf3 g6 3. c4 Bg7 4. Nc3 O-O 5. e4 d6 6. h3 Nc6 7. Be2 e5 8. d5 Ne7
9. g4 a5 10. Be3 Nd7 11. Rg1 Nc5 12. Qd2 Bh8 13. Bh6 Re8 14. h4 a4 15. O-O-O
Bd7 16. h5 Qb8 17. Qg5 Qa7 18. hxg6 fxg6 19. Rh1 Qa5 20. a3 Rf8 21. Bxf8 Rxf8
22. Qxe7 Rf7 23. Qd8+ Rf8 24. Qh4 Bg7 25. Qxh7+ Kf7 26. Ng5+ Kf6 27. f4 exf4
28. e5+ dxe5 29. Nce4+ Nxe4 30. Nxe4+ Kf7 31. Bd3 Rh8 32. Ng5+ Kf8 33. Qxg6 Be8
34. Ne6+ Ke7 35. Qxg7+ Kd6 36. c5+ Kxd5 37. Bb5+ Ke4 38. Ng5+ Ke3 39. Qxe5+ Kf2
40. Qxf4+ Kg2 41. Rh2+ Rxh2 42. Bf1+ Kg1 43. Nf3+ Kf2 44. Nxh2+ Kg1 45. Qg3+
Kh1 46. Bg2# 1-0

[Event "Titled Tuesday 2022.08.30 Late"]
[Site "chess.com INT"]
[Date "2022.08.30"]
[Round "4"]
[White "Oro, L."]
[Black "Atanasov, Anthony"]
[Result "0-1"]
[WhiteElo "2255"]
[BlackElo "2150"]
[PlyCount "64"]
[EventDate "2022.08.30"]
[EventType "swiss (blitz)"]
[EventRounds "11"]
[EventCountry "NET"]
[Source "Mark Crowther"]
[SourceDate "2022.09.05"]

1. e4 c5 2. Nf3 d6 3. Bb5+ Nd7 4. O-O a6 5. Be2 Ngf6 6. Nc3 b5 7. d3 Bb7 8. h3
h6 9. Be3 e5 10. a3 Be7 11. Nd2 O-O 12. f4 Re8 13. f5 d5 14. exd5 Nb6 15. Nde4
Nbxd5 16. Nxd5 Qxd5 17. Bf3 Nxe4 18. Bxe4 Qd7 19. Bxb7 Qxb7 20. f6 Bxf6 21.
Bxh6 Re6 22. Qg4 g6 23. Rae1 e4 24. dxe4 Bxb2 25. Rf3 Rae8 26. Ref1 Rxe4 27.
Qg5 Re1 28. Qxc5 Qe4 29. Qc7 Bd4+ 30. Kh1 Qxf3 31. gxf3 Rxf1+ 32. Kh2 Be5+ 0-1

[Event "Titled Tuesday 2022.08.30 Late"]
[Site "chess.com INT"]
[Date "2022.08.30"]
[Round "5"]
[White "Ibarra Jerez, JC."]
[Black "Atanasov, Anthony"]
[Result "0-1"]
[WhiteElo "2570"]
[BlackElo "2150"]
[PlyCount "32"]
[EventDate "2022.08.30"]
[EventType "swiss (blitz)"]
[EventRounds "11"]
[EventCountry "NET"]
[Source "Mark Crowther"]
[SourceDate "2022.09.05"]

1. e4 e5 2. Nf3 Nf6 3. Nxe5 d6 4. Nc4 Nxe4 5. Qe2 Qe7 6. Ne3 Nf6 7. c4 Nc6 8.
b3 Nd4 9. Qd1 Bg4 10. f3 Ne4 11. fxg4 Qh4+ 12. g3 Nxg3 13. Ng2 Qe7+ 14. Kf2
Ne4+ 15. Kg1 Qf6 16. Qe1 Nf3# 0-1

[Event "Titled Tuesday 2022.08.30 Late"]
[Site "chess.com INT"]
[Date "2022.08.30"]
[Round "6"]
[White "Atanasov, Anthony"]
[Black "Riehle, Marco"]
[Result "1-0"]
[WhiteElo "2150"]
[BlackElo "2353"]
[PlyCount "103"]
[EventDate "2022.08.30"]
[EventType "swiss (blitz)"]
[EventRounds "11"]
[EventCountry "NET"]
[Source "Mark Crowther"]
[SourceDate "2022.09.05"]

1. Nf3 d5 2. d4 Nf6 3. a3 e6 4. Bf4 Bd6 5. e3 c5 6. dxc5 Bxf4 7. exf4 Qc7 8.
Qd4 Nc6 9. Bb5 O-O 10. Bxc6 Qxc6 11. Ne5 Qc7 12. Nc3 a5 13. O-O Bd7 14. b4 Rfc8
15. Rfd1 Be8 16. Ne2 h6 17. c4 Ba4 18. Rdc1 Rd8 19. b5 Bb3 20. cxd5 Nxd5 21.
Qb2 a4 22. g3 Qa5 23. Nd4 Nf6 24. Nxb3 Qxb5 25. Rab1 axb3 26. Qxb3 Qe2 27. Qxb7
Kh7 28. Qxf7 Rd2 29. Qg6+ Kg8 30. Qf7+ Kh7 31. Rf1 Qe4 32. Rb7 Rg8 33. c6 Nd5
34. Qxe6 Ne3 35. Qg6+ Qxg6 36. Nxg6 Nxf1 37. Ne7 Rd1 38. Kg2 Ra8 39. c7 Nd2 40.
c8=Q Rxc8 41. Nxc8 Ne4 42. Ne7 Rd2 43. Nf5 Rxf2+ 44. Kh3 h5 45. Rxg7+ Kh8 46.
Re7 Nf6 47. Rf7 Ng4 48. Kh4 Rxh2+ 49. Kg5 Kg8 50. Kg6 Rb2 51. Ne7+ Kh8 52. Rf8#
1-0

[Event "Titled Tuesday 2022.08.30 Late"]
[Site "chess.com INT"]
[Date "2022.08.30"]
[Round "7"]
[White "Martinez Alcantara, Jose Eduardo"]
[Black "Atanasov, Anthony"]
[Result "1-0"]
[WhiteElo "2591"]
[BlackElo "2150"]
[PlyCount "99"]
[EventDate "2022.08.30"]
[EventType "swiss (blitz)"]
[EventRounds "11"]
[EventCountry "NET"]
[Source "Mark Crowther"]
[SourceDate "2022.09.05"]

1. e4 e5 2. Nf3 Nf6 3. Nc3 Nc6 4. h3 a6 5. d4 exd4 6. Nxd4 Nxe4 7. Nxe4 Qe7 8.
Bd3 Nxd4 9. O-O d5 10. Ng3 Be6 11. Re1 Nc6 12. c3 O-O-O 13. b4 Qf6 14. b5 axb5
15. Bxb5 Bc5 16. Be3 Bxe3 17. Rxe3 d4 18. Rf3 dxc3 19. Qa4 Qd4 20. Bxc6 bxc6
21. Qa6+ Kd7 22. Rd3 c5 23. Ne2 Qxd3 24. Qxd3+ Ke7 25. Qxc3 c4 26. Nf4 Rd6 27.
Re1 Ra8 28. Qxc4 c6 29. Qc5 Kd7 30. Rb1 Rc8 31. a4 g5 32. Nxe6 fxe6 33. Rb7+
Rc7 34. Qb6 Rd1+ 35. Kh2 Rxb7 36. Qxb7+ Kd6 37. a5 g4 38. hxg4 h5 39. gxh5 e5
40. a6 e4 41. a7 e3 42. fxe3 Ra1 43. Qb8+ Kc5 44. h6 Kc4 45. h7 c5 46. h8=Q Kd3
47. Qxa1 c4 48. a8=Q c3 49. Qd5+ Kc2 50. Qdb3+ 1-0

[Event "Titled Tuesday 2022.08.30 Late"]
[Site "chess.com INT"]
[Date "2022.08.30"]
[Round "8"]
[White "Pakleza, Z."]
[Black "Atanasov, Anthony"]
[Result "0-1"]
[WhiteElo "2499"]
[BlackElo "2150"]
[PlyCount "104"]
[EventDate "2022.08.30"]
[EventType "swiss (blitz)"]
[EventRounds "11"]
[EventCountry "NET"]
[Source "Mark Crowther"]
[SourceDate "2022.09.05"]

1. d4 Nf6 2. Nf3 g6 3. Bf4 Bg7 4. e3 d6 5. h3 O-O 6. Be2 c5 7. c3 Be6 8. dxc5
dxc5 9. Qxd8 Rxd8 10. a4 Nc6 11. a5 Nd5 12. Bg3 Ndb4 13. Na3 Nxa5 14. Bc7 Nb3
15. Bxd8 Nxa1 16. Bxe7 Nc6 17. Bxc5 Nb3 18. Bd4 Ncxd4 19. Nxd4 Nxd4 20. exd4
Bd5 21. O-O Bf8 22. Nc2 Bb3 23. Ne3 Re8 24. Ra1 a6 25. Bf3 Re7 26. Ng4 Bg7 27.
Ne3 Bh6 28. Re1 Kf8 29. g3 b5 30. Kg2 Bg7 31. Ra1 Ra7 32. Be2 Rb7 33. Rxa6 b4
34. Bf3 Rb8 35. Ra8 Rxa8 36. Bxa8 bxc3 37. bxc3 Bh6 38. Bd5 Bxe3 39. Bxb3 Bd2
40. c4 Bc3 41. d5 Bb4 42. Kf3 Ke7 43. Ke4 Kd6 44. f4 Be1 45. g4 f6 46. Ba4 Bf2
47. Be8 Ke7 48. Bb5 Kd6 49. Bc6 Bc5 50. Be8 Ke7 51. Ba4 Kd6 52. g5 f5+ 0-1

[Event "Titled Tuesday 2022.08.30 Late"]
[Site "chess.com INT"]
[Date "2022.08.30"]
[Round "9"]
[White "Atanasov, Anthony"]
[Black "Tari, A."]
[Result "0-1"]
[WhiteElo "2150"]
[BlackElo "2672"]
[PlyCount "62"]
[EventDate "2022.08.30"]
[EventType "swiss (blitz)"]
[EventRounds "11"]
[EventCountry "NET"]
[Source "Mark Crowther"]
[SourceDate "2022.09.05"]

1. Nf3 c5 2. e4 Nc6 3. d4 cxd4 4. Nxd4 Nf6 5. Nc3 d6 6. Bg5 e6 7. Qd2 Bd7 8.
Ndb5 h6 9. Bxf6 gxf6 10. Nxd6+ Bxd6 11. Qxd6 Qe7 12. Qxe7+ Kxe7 13. O-O-O a6
14. Na4 Rag8 15. Nb6 Bc8 16. g3 h5 17. h4 Ne5 18. Be2 Nd7 19. Nxd7 Bxd7 20. Rd4
Bc6 21. Rhd1 e5 22. Rd6 Rc8 23. Bc4 Rc7 24. R6d2 Bxe4 25. Bd5 Bf5 26. c3 b5 27.
a3 a5 28. c4 bxc4 29. f4 Rb8 30. fxe5 c3 31. exf6+ Kxf6 0-1

[Event "Titled Tuesday 2022.08.30 Late"]
[Site "chess.com INT"]
[Date "2022.08.30"]
[Round "10"]
[White "Atanasov, Anthony"]
[Black "Perez Ponsa, F."]
[Result "0-1"]
[WhiteElo "2150"]
[BlackElo "2554"]
[PlyCount "108"]
[EventDate "2022.08.30"]
[EventType "swiss (blitz)"]
[EventRounds "11"]
[EventCountry "NET"]
[Source "Mark Crowther"]
[SourceDate "2022.09.05"]

1. d4 Nf6 2. Nf3 g6 3. c4 Bg7 4. Nc3 d6 5. e4 O-O 6. h3 e5 7. d5 c6 8. Be3 cxd5
9. cxd5 Nh5 10. Bc4 Na6 11. O-O Nf4 12. Bxa6 bxa6 13. Bxf4 exf4 14. Nd4 Qg5 15.
Nf3 Qh5 16. Nd2 Qh6 17. Nc4 g5 18. Qf3 Rb8 19. Rfe1 Bd7 20. Rad1 Rfc8 21. b3
Bb5 22. Nxb5 axb5 23. Na5 Rc3 24. Qg4 Qg6 25. Nc6 Re8 26. Qd7 Kf8 27. f3 Be5
28. Rc1 Re3 29. Rf1 h5 30. Ne7 Qf6 31. Nf5 Bd4 32. Kh1 Bc5 33. b4 Rd8 34. Qxb5
Bb6 35. Nxe3 fxe3 36. Qe2 h4 37. Rc6 Bd4 38. Rfc1 Qf4 39. Rc8 Rxc8 40. Rxc8+
Kg7 41. Rc1 Be5 42. g4 Qg3 43. Qg2 e2 44. Qxg3 Bxg3 45. a4 Kf6 46. Kg2 Ke5 47.
b5 e1=Q 48. Rxe1 Bxe1 49. Kf1 Ba5 50. Ke2 Kd4 51. f4 gxf4 52. Kf3 Ke5 53. g5
Bd8 54. Kg4 Kxe4 0-1

[Event "Titled Tuesday 2022.08.23 Early"]
[Site "chess.com INT"]
[Date "2022.08.23"]
[Round "1"]
[White "Stanisz, P."]
[Black "Atanasov, Anthony"]
[Result "0-1"]
[WhiteElo "2199"]
[BlackElo "2150"]
[PlyCount "88"]
[EventDate "2022.08.23"]
[EventType "swiss (blitz)"]
[EventRounds "11"]
[EventCountry "NET"]
[Source "Mark Crowther"]
[SourceDate "2022.08.29"]

1. d4 Nf6 2. c4 g6 3. Nc3 d5 4. Nf3 Bg7 5. Qb3 dxc4 6. Qxc4 O-O 7. Bf4 c6 8. e3
Be6 9. Qd3 Nd5 10. Bg3 c5 11. Nxd5 Bxd5 12. Be2 cxd4 13. exd4 Nc6 14. O-O Qb6
15. Be5 Bxf3 16. Bxf3 Bxe5 17. dxe5 Nxe5 18. Qe2 Nxf3+ 19. Qxf3 Rac8 20. Rac1
Rxc1 21. Rxc1 Qxb2 22. Re1 e6 23. a3 Rc8 24. h4 h5 25. Rd1 Rc1 26. Rxc1 Qxc1+
27. Kh2 Qc7+ 28. g3 a5 29. Qb3 Qc5 30. Kg1 b5 31. Qb2 b4 32. axb4 axb4 33. Qf6
b3 34. Qd8+ Kg7 35. Qb8 Qc3 36. Kg2 b2 37. Qb6 Qf6 38. Kg1 Qe5 39. Kg2 Qd5+ 40.
Kg1 Qd1+ 41. Kh2 b1=Q 42. Qc6 Qg1+ 43. Kh3 Qh1+ 44. Qxh1 Qxh1# 0-1

[Event "Titled Tuesday 2022.08.23 Early"]
[Site "chess.com INT"]
[Date "2022.08.23"]
[Round "3"]
[White "Dobrikov, Marco"]
[Black "Atanasov, Anthony"]
[Result "1-0"]
[WhiteElo "2223"]
[BlackElo "2150"]
[PlyCount "89"]
[EventDate "2022.08.23"]
[EventType "swiss (blitz)"]
[EventRounds "11"]
[EventCountry "NET"]
[Source "Mark Crowther"]
[SourceDate "2022.08.29"]

1. e4 e5 2. Nf3 Nf6 3. Nxe5 d6 4. Nd3 Nxe4 5. Nc3 Nxc3 6. dxc3 Be7 7. Be3 Nd7
8. Qd2 Nf6 9. O-O-O O-O 10. f3 d5 11. g4 h6 12. h4 Nh7 13. h5 f5 14. Ne5 f4 15.
Bf2 Be6 16. Ng6 Rf7 17. Bd3 Ng5 18. Qe2 Bd6 19. Bh4 Qd7 20. Rhe1 Re8 21. Bxg5
hxg5 22. Bf5 Rxf5 23. gxf5 Bf7 24. Qd3 Re3 25. Rxe3 fxe3 26. Kb1 Bxg6 27. fxg6
Qe6 28. Qe2 c6 29. c4 dxc4 30. c3 Qe5 31. Qxc4+ Kh8 32. Qe4 e2 33. Re1 Qc5 34.
Rxe2 Bf8 35. Kc2 Qd6 36. Rd2 Qc5 37. Rd8 Qf2+ 38. Rd2 Qc5 39. Qe6 Qb5 40. Rd8
Qa4+ 41. Qb3 Qf4 42. Qf7 Qxf7 43. gxf7 g6 44. h6 Kh7 45. Rxf8 1-0

[Event "Titled Tuesday 2022.08.23 Late"]
[Site "chess.com INT"]
[Date "2022.08.23"]
[Round "1"]
[White "Pham, Khoi"]
[Black "Atanasov, Anthony"]
[Result "0-1"]
[WhiteElo "2376"]
[BlackElo "2150"]
[PlyCount "182"]
[EventDate "2022.08.23"]
[EventType "swiss (blitz)"]
[EventRounds "11"]
[EventCountry "NET"]
[Source "Mark Crowther"]
[SourceDate "2022.08.29"]

1. c4 Nf6 2. Nc3 d5 3. cxd5 Nxd5 4. e4 Nxc3 5. bxc3 g6 6. d4 Bg7 7. Bc4 c5 8.
Ne2 O-O 9. O-O Nc6 10. Be3 b6 11. Rc1 Qc7 12. Bd3 Rd8 13. d5 Ne5 14. Bb1 Nc4
15. Bg5 h6 16. Bh4 g5 17. Bg3 e5 18. Bd3 Nb2 19. Qc2 c4 20. Qxb2 cxd3 21. Nd4
Qc4 22. Qb3 Ba6 23. Qxc4 Bxc4 24. Nc6 d2 25. Rcd1 Rd7 26. Rxd2 Bxf1 27. Kxf1 f6
28. f3 Bf8 29. Bf2 Rc8 30. Ke2 Kf7 31. c4 Rdc7 32. Rd1 Bd6 33. h4 Rxc6 34. dxc6
Rxc6 35. hxg5 hxg5 36. Kd3 Bc5 37. Bxc5 Rxc5 38. Kc3 Rc7 39. Rd8 b5 40. c5
Rxc5+ 41. Kb4 Rc2 42. Rd7+ Ke6 43. Rxa7 Rb2+ 44. Kc5 g4 45. Ra6+ Kf7 46. fxg4
Kg6 47. Ra8 Rxg2 48. Rg8+ Kf7 49. Ra8 Rb2 50. Rb8 Rxa2 51. Rxb5 Rg2 52. Kd5
Rd2+ 53. Kc6 Rg2 54. Kd6 Rxg4 55. Rb7+ Kg6 56. Kd5 Rg3 57. Ke6 Ra3 58. Rb8 Ra6+
59. Kd5 Kg5 60. Rg8+ Kf4 61. Rf8 Ra5+ 62. Kc4 Kxe4 63. Rxf6 Ra1 64. Kc3 Ra2 65.
Rf8 Rg2 66. Re8 Rf2 67. Re7 Rg2 68. Re8 Rh2 69. Re7 Ra2 70. Re8 Kf4 71. Rf8+
Ke3 72. Rh8 e4 73. Rh3+ Kf4 74. Rh4+ Kf3 75. Rh3+ Kg4 76. Re3 Kf4 77. Re1 Kf3
78. Kb3 Rf2 79. Kc3 Rh2 80. Kd4 Rd2+ 81. Kc3 e3 82. Rf1+ Ke2 83. Rf8 Rd7 84.
Kc2 Rc7+ 85. Kb1 Ke1 86. Re8 e2 87. Rf8 Rc5 88. Rh8 Kd2 89. Rd8+ Ke3 90. Re8+
Kd3 91. Rd8+ Ke4 0-1

[Event "Titled Tuesday 2022.08.23 Late"]
[Site "chess.com INT"]
[Date "2022.08.23"]
[Round "3"]
[White "Manelyuk, Daniil"]
[Black "Atanasov, Anthony"]
[Result "1-0"]
[WhiteElo "2349"]
[BlackElo "2150"]
[PlyCount "104"]
[EventDate "2022.08.23"]
[EventType "swiss (blitz)"]
[EventRounds "11"]
[EventCountry "NET"]
[Source "Mark Crowther"]
[SourceDate "2022.08.29"]

1. e4 c5 2. Nf3 d6 3. d4 cxd4 4. Nxd4 Nf6 5. Nc3 a6 6. f3 e6 7. Be3 b5 8. Qd2
Nbd7 9. Be2 Bb7 10. O-O Be7 11. a4 b4 12. Na2 d5 13. Nxb4 Qc7 14. exd5 Bxb4 15.
Qxb4 Nxd5 16. Qd2 O-O 17. c4 Nxe3 18. Qxe3 Qb6 19. Nf5 exf5 20. Qxb6 Nxb6 21.
c5 Nd5 22. Rfd1 Rfe8 23. Rd2 a5 24. Bb5 Red8 25. c6 Bc8 26. Rad1 Be6 27. Bc4
Rac8 28. Bxd5 Bxd5 29. Rxd5 Rxd5 30. Rxd5 g6 31. Rc5 Kf8 32. c7 Ke7 33. Kf2 Kd6
34. Rc1 Rxc7 35. Rxc7 Kxc7 36. Ke3 Kc6 37. Kd4 f6 38. Kc4 g5 39. b4 axb4 40.
Kxb4 h5 41. Kc4 f4 42. a5 f5 43. Kd4 h4 44. Ke5 g4 45. Kxf4 h3 46. gxh3 gxh3
47. Kxf5 Kb5 48. Kg4 Kxa5 49. Kxh3 Kb5 50. Kg4 Kc5 51. Kf5 Kd5 52. h4 Kd6 1-0

[Event "Titled Tuesday 2022.08.23 Late"]
[Site "chess.com INT"]
[Date "2022.08.23"]
[Round "4"]
[White "Atanasov, Anthony"]
[Black "Jegorovas, A."]
[Result "1-0"]
[WhiteElo "2150"]
[BlackElo "2270"]
[PlyCount "61"]
[EventDate "2022.08.23"]
[EventType "swiss (blitz)"]
[EventRounds "11"]
[EventCountry "NET"]
[Source "Mark Crowther"]
[SourceDate "2022.08.29"]

1. e4 e6 2. d4 d5 3. exd5 exd5 4. Nf3 Bd6 5. Bd3 Nc6 6. O-O Nge7 7. c4 dxc4 8.
Bxc4 O-O 9. Nc3 Bg4 10. h3 Bh5 11. g4 Bg6 12. Be3 Bb4 13. Ne4 Nd5 14. Bg5 f6
15. Nc5 fxg5 16. Ne6 Qd6 17. Nxf8 Rxf8 18. a3 Ba5 19. Ne5 Nce7 20. Qb3 Bb6 21.
Rfe1 c6 22. Rad1 Qf6 23. Re2 Be8 24. Rde1 h5 25. Nd3 Bxd4 26. Rxe7 Bxf2+ 27.
Nxf2 Qxf2+ 28. Kh1 hxg4 29. Rxe8 gxh3 30. Rxf8+ Kh7 31. Rxf2 1-0

[Event "Titled Tuesday 2022.08.23 Late"]
[Site "chess.com INT"]
[Date "2022.08.23"]
[Round "5"]
[White "Jaskolka, T."]
[Black "Atanasov, Anthony"]
[Result "1-0"]
[WhiteElo "2210"]
[BlackElo "2150"]
[PlyCount "95"]
[EventDate "2022.08.23"]
[EventType "swiss (blitz)"]
[EventRounds "11"]
[EventCountry "NET"]
[Source "Mark Crowther"]
[SourceDate "2022.08.29"]

1. d4 e5 2. dxe5 Nc6 3. Nf3 Qe7 4. Bf4 Qb4+ 5. Bd2 Qxb2 6. Nc3 Bb4 7. Rb1 Qxc3
8. Bxc3 Bxc3+ 9. Nd2 Nxe5 10. Rb3 Ba5 11. Re3 d6 12. f4 Bb6 13. Re4 f5 14.
Rxe5+ dxe5 15. fxe5 Be6 16. e4 O-O-O 17. Bd3 Ne7 18. Qf3 Rhf8 19. Rf1 f4 20.
Bc4 Bd7 21. Qb3 Nc6 22. e6 Be8 23. Bd5 Nd4 24. e7 Bb5 25. exd8=Q+ Kxd8 26. Qb2
Bxf1 27. Kxf1 c6 28. Nc4 Nb5 29. Nxb6 axb6 30. Qxg7 Re8 31. Qxb7 cxd5 32. Qxd5+
Kc7 33. Qxb5 Rxe4 34. Qf5 Rc4 35. Qf7+ Kc6 36. Qxc4+ Kb7 37. Qxf4 h5 38. Qg5 h4
39. Qxh4 Ka7 40. Qb4 Kb7 41. Qb5 Ka7 42. Qc6 Ka6 43. c4 Ka7 44. c5 bxc5 45. Qb5
c4 46. Ke2 c3 47. Kd3 Ka8 48. Kc2 1-0

[Event "Titled Tuesday 2022.08.23 Late"]
[Site "chess.com INT"]
[Date "2022.08.23"]
[Round "6"]
[White "Atanasov, Anthony"]
[Black "Shtivelband, R."]
[Result "1-0"]
[WhiteElo "2150"]
[BlackElo "2050"]
[PlyCount "53"]
[EventDate "2022.08.23"]
[EventType "swiss (blitz)"]
[EventRounds "11"]
[EventCountry "NET"]
[Source "Mark Crowther"]
[SourceDate "2022.08.29"]

1. d4 Nf6 2. Nf3 d5 3. Bf4 c5 4. e3 Nc6 5. a3 Nh5 6. dxc5 Nxf4 7. exf4 g6 8. c4
d4 9. b4 Bg7 10. Bd3 O-O 11. O-O e5 12. fxe5 Nxe5 13. Nxe5 Bxe5 14. Nd2 Bg7 15.
Nf3 Re8 16. Re1 Bg4 17. Rxe8+ Qxe8 18. h3 Be6 19. Qd2 Qc6 20. Re1 Bxh3 21. Be4
Qd7 22. gxh3 Qxh3 23. Bxb7 Rd8 24. Bd5 Qg4+ 25. Kh2 Qh5+ 26. Kg3 Bh6 27. Qxd4
1-0

[Event "Titled Tuesday 2022.08.23 Late"]
[Site "chess.com INT"]
[Date "2022.08.23"]
[Round "7"]
[White "Mirimanian, H."]
[Black "Atanasov, Anthony"]
[Result "0-1"]
[WhiteElo "2228"]
[BlackElo "2150"]
[PlyCount "140"]
[EventDate "2022.08.23"]
[EventType "swiss (blitz)"]
[EventRounds "11"]
[EventCountry "NET"]
[Source "Mark Crowther"]
[SourceDate "2022.08.29"]

1. e4 c5 2. Nf3 d6 3. d4 cxd4 4. Nxd4 Nf6 5. Nc3 a6 6. g3 g6 7. Bg2 Bg7 8. O-O
O-O 9. h3 Nc6 10. Nb3 Be6 11. Re1 Rc8 12. Nd5 b5 13. c3 Ne5 14. Nd4 Nxd5 15.
exd5 Bf5 16. Nxf5 gxf5 17. Bg5 h6 18. Be3 Nc4 19. Rb1 b4 20. Bd4 bxc3 21. Bxg7
Kxg7 22. Qd4+ Ne5 23. bxc3 Rc4 24. Qd2 Qa5 25. f4 Qc5+ 26. Kh2 Ng6 27. Re3 Rc8
28. Rb3 a5 29. Bf1 Re4 30. c4 a4 31. Rbc3 Qd4 32. Qxd4+ Rxd4 33. Bd3 Rb8 34.
Re2 Rb4 35. Kg2 Kf6 36. Kf3 h5 37. Ke3 Rxd3+ 38. Kxd3 h4 39. Ke3 hxg3 40. Kf3
g2 41. Re1 Rb2 42. Ra3 Rc2 43. Rxa4 Nh4+ 44. Kg3 Ng6 45. Rg1 Rd2 46. Rxg2 Rd3+
47. Kh2 Nxf4 48. Rf2 Rxh3+ 49. Kg1 Rh4 50. Rb2 Rg4+ 51. Kf1 Nd3 52. Rd2 Rf4+
53. Ke2 Nc5 54. Ra5 Rxc4 55. Kd1 f4 56. Ke1 f3 57. Rf2 Rc3 58. Kf1 Ke5 59. Kg1
Ne4 60. Rf1 Kf4 61. Ra4 f5 62. Kh2 Rc2+ 63. Kg1 Kg3 64. Kh1 Rh2+ 65. Kg1 f2+
66. Rxf2 Rxf2 67. Ra3+ Rf3 68. Rxf3+ Kxf3 69. a4 Nc5 70. a5 Na6 0-1